[Event "Kfar Sava op"]
[Site "Kfar Sava"]
[Date "1993.??.??"]
[Round "1"]
[White "Psakhis, Lev"]
[Black "Idelstein, Moshe"]
[Result "1-0"]
[WhiteElo "2575"]
[BlackElo "2235"]
[PlyCount "61"]
[EventDate "1993.??.??"]
[EventType "swiss"]
[EventRounds "13"]
[EventCountry "ISR"]
[SourceTitle "EXT 2002"]
[Source "ChessBase"]
[SourceDate "2001.11.25"]
[SourceVersion "1"]
[SourceVersionDate "2001.11.25"]
[SourceQuality "1"]

1. c4 c6 2. e4 d6 3. d4 g6 4. Nc3 Bg7 5. Be2 Nf6 6. Nf3 Bg4 7. Be3 0-0 8. Rc1 Nbd7 9. 0-0 e5 10. d5 c5 11. Ne1 Bxe2 12. Qxe2 Ne8 13. Nd3 f5 14. f3 Nef6 15. a3 f4 16. Bf2 g5 17. b4 b6 18. Rb1 Rf7 19. a4 h5 20. a5 g4 21. Bh4 Bf8 22. g3 Rg7 23. Kh1 gxf3 24. Qxf3 Rg4 25. Rg1 cxb4 26. Nxb4 Kh7 27. Nc6 Qe8 28. h3 Rxh4 29. gxh4 Nc5 30. Rg5 bxa5 31. Rbg1 1-0

[Event "Israel"]
[Site "Israel"]
[Date "1988.??.??"]
[Round "?"]
[White "Stisis, Yaacov"]
[Black "Idelstein, Moshe"]
[Result "1/2-1/2"]
[WhiteElo "2295"]
[BlackElo "2290"]
[PlyCount "63"]
[EventDate "1988.??.??"]
[EventType "tourn"]
[EventRounds "9"]
[EventCountry "ISR"]
[SourceTitle "EXT 2000"]
[Source "ChessBase"]
[SourceDate "1999.11.16"]
[SourceVersion "1"]
[SourceVersionDate "1999.11.16"]
[SourceQuality "1"]

1. e4 c5 2. Nf3 d6 3. d4 cxd4 4. Nxd4 Nf6 5. Nc3 a6 6. Bg5 e6 7. f4 Nbd7 8. Qf3 Qc7 9. 0-0-0 Be7 10. Bd3 h6 11. Bh4 g5 12. fxg5 Ne5 13. Qe2 Nfg4 14. h3 hxg5 15. Bg3 Nf6 16. Bf2 b5 17. Nf3 Nfd7 18. h4 gxh4 19. Bxh4 Bxh4 20. Nxh4 b4 21. Na4 Bb7 22. Nf3 Rg8 23. Nxe5 Nxe5 24. Qe3 Rxg2 25. Rhg1 Rxg1 26. Qxg1 Nxd3+ 27. Rxd3 Rc8 28. Rd2 Bxe4 29. Nb6 Rb8 30. Qg8+ Ke7 31. Qg5+ Ke8 32. Qg8+ 1/2-1/2